[Event "mgubl10"]
[Site "?"]
[Date "2017.11.25"]
[Round "12.2"]
[White "Ivanov, Daniel"]
[Black "Babatov, Martin"]
[Result "1-0"]
[WhiteElo "1758"]
[BlackElo "1578"]
[PlyCount "127"]
[EventDate "2017.11.25"]
[EventType "tourn (blitz)"]
[EventRounds "16"]
[EventCountry "BUL"]

1. e4 c6 2. d4 d5 3. exd5 cxd5 4. Bd3 Nf6 5. Nf3 Nc6 6. c3 g6 7. Bg5 Bg7 8. O-O
Bf5 9. Bxf5 gxf5 10. Bxf6 Bxf6 11. Qd3 e6 12. Re1 Qd6 13. Qxf5 Be7 14. Qd3
O-O-O 15. Ne5 Nxe5 16. dxe5 Qc7 17. Nd2 Rdg8 18. c4 dxc4 19. Nxc4 Kb8 20. Nd6
Bxd6 21. exd6 Qd7 22. Qd4 Rc8 23. Rac1 Rhd8 24. Red1 Rxc1 25. Rxc1 Qxd6 26. Qc3
Qd1+ 27. Qe1 Qxe1+ 28. Rxe1 Rd2 29. Rb1 Kc7 30. g4 Kd6 31. Kg2 Ke5 32. Kg3 Kf6
33. h4 Kg6 34. a4 h6 35. b4 f5 36. gxf5+ exf5 37. a5 Rd4 38. Rb3 f4+ 39. Kg4
h5+ 40. Kf3 Kf5 41. b5 Ra4 42. b6 Rxa5 43. bxa7 Rxa7 44. Rb5+ Kf6 45. Rxh5 Ra4
46. Rb5 Ra7 47. Kxf4 Ra4+ 48. Kg3 Ra7 49. f4 Kg6 50. Kg4 Ra4 51. Rxb7 Kf6 52.
Rb6+ Kg7 53. Kg5 Ra5+ 54. f5 Rc5 55. Rb7+ Kg8 56. Kg6 Rc6+ 57. f6 Rc8 58. Rg7+
Kh8 59. Rb7 Ra8 60. h5 Rc8 61. h6 Rg8+ 62. Kh5 Rg1 63. f7 Kh7 64. f8=Q+ 1-0

[Event "mgubl10"]
[Site "?"]
[Date "2017.11.25"]
[Round "12.4"]
[White "Dimova, Mariya"]
[Black "Simeonov, Daniel"]
[Result "1-0"]
[WhiteElo "1434"]
[BlackElo "1522"]
[PlyCount "66"]
[EventDate "2017.11.25"]
[EventType "tourn (blitz)"]
[EventRounds "16"]
[EventCountry "BUL"]

1. f4 d5 2. Nf3 c5 3. d3 Nc6 4. g3 g6 5. Bg2 Bg7 6. O-O Nf6 7. Nc3 a6 8. e4 d4
9. Ne2 Bg4 10. Kh1 Qc8 11. Neg1 h6 12. e5 Nh7 13. c3 O-O 14. cxd4 cxd4 15. Qe2
Qd7 16. Bd2 Rad8 17. Rad1 Qe8 18. Qf2 f6 19. e6 Bxe6 20. Rfe1 Bxa2 21. Re4 Bb3
22. Rde1 Qf7 23. Nxd4 Nxd4 24. Rxd4 Rxd4 25. Qxd4 f5 26. Qb4 b5 27. Rxe7 Qf6
28. Bc3 a5 29. Qxb3+ Kh8 30. Bxf6 Bxf6 31. Re6 Bd8 32. Rxg6 Re8 33. Qc3+ Bf6
1-0

[Event "mgubl10"]
[Site "?"]
[Date "2017.11.25"]
[Round "13.2"]
[White "Georgiev, Nikolay Zh."]
[Black "Ivanov, Daniel"]
[Result "0-1"]
[WhiteElo "1588"]
[BlackElo "1758"]
[PlyCount "74"]
[EventDate "2017.11.25"]
[EventType "tourn (blitz)"]
[EventRounds "16"]
[EventCountry "BUL"]

1. e4 e6 2. Nc3 Bb4 3. a3 Bxc3 4. dxc3 e5 5. Bc4 Qf6 6. Qf3 h6 7. Be3 Qxf3 8.
Nxf3 Nf6 9. Nd2 d6 10. f3 O-O 11. g4 Be6 12. Kf2 Bxc4 13. Nxc4 Nc6 14. h4 b5
15. Nd2 Nh7 16. Rag1 f6 17. h5 Ng5 18. Bxg5 fxg5 19. Ke3 a5 20. c4 bxc4 21.
Nxc4 Nd4 22. Rg3 Nxc2+ 23. Kd2 Nd4 24. Rc1 Nb3+ 25. Kd1 Nxc1 26. Kxc1 a4 27.
Nd2 Rab8 28. Rg1 c6 29. Kb1 d5 30. Rc1 dxe4 31. Nxe4 Rxf3 32. Rxc6 Rxa3 33. Ra6
Rab3 34. Rxa4 Rxb2+ 35. Kc1 R2b4 36. Rxb4 Rxb4 37. Nd6 Rxg4 0-1

[Event "mgubl10"]
[Site "?"]
[Date "2017.11.25"]
[Round "13.3"]
[White "Babatov, Martin"]
[Black "Iliev, Dimitar"]
[Result "0-1"]
[WhiteElo "1578"]
[BlackElo "2145"]
[PlyCount "64"]
[EventDate "2017.11.25"]
[EventType "tourn (blitz)"]
[EventRounds "16"]
[EventCountry "BUL"]

1. d4 d6 2. Nf3 c6 3. c4 Qc7 4. Bf4 Nf6 5. e3 Nbd7 6. Bd3 e5 7. dxe5 dxe5 8.
Bg3 Bb4+ 9. Nc3 O-O 10. O-O Bxc3 11. bxc3 Qa5 12. Qc2 Nc5 13. Be2 e4 14. Nd4
Bg4 15. Bxg4 Nxg4 16. h3 Nf6 17. Bd6 Rfe8 18. Bxc5 Qxc5 19. Rab1 b6 20. Qb3 Nd7
21. Qb4 Qg5 22. Nxc6 Re6 23. Qb5 Nc5 24. Nd4 Rg6 25. g3 h5 26. Nb3 h4 27. g4 f5
28. Kh2 fxg4 29. hxg4 Qe5+ 30. Kh3 Rf8 31. Nd2 Rxf2 32. Nxe4 Qh2# 0-1

[Event "mgubl10"]
[Site "?"]
[Date "2017.11.25"]
[Round "13.4"]
[White "Mladenov, Andrey"]
[Black "Metev, Martin"]
[Result "0-1"]
[WhiteElo "1595"]
[BlackElo "1987"]
[PlyCount "88"]
[EventDate "2017.11.25"]
[EventType "tourn (blitz)"]
[EventRounds "16"]
[EventCountry "BUL"]

1. e4 e6 2. d4 d5 3. Nc3 Bb4 4. exd5 exd5 5. Nf3 Nf6 6. Bd3 O-O 7. O-O Bg4 8.
h3 Bh5 9. a3 Bxc3 10. bxc3 c5 11. Bg5 c4 12. Be2 h6 13. Bh4 Nc6 14. Ne5 Bxe2
15. Qxe2 g5 16. Bg3 Ne4 17. Qe3 f5 18. Nxc6 bxc6 19. Be5 f4 20. Qe2 Nxc3 21.
Qh5 Kh7 22. Qg4 Qc8 23. Qf3 Ne4 24. Qh5 Qe8 25. Qg4 Qg6 26. Rab1 Rf7 27. Rb4 a5
28. Rb6 Re8 29. Rfb1 Nc3 30. R1b2 Na4 31. Rb7 Nxb2 32. Rxb2 c5 33. c3 cxd4 34.
cxd4 c3 35. Rb5 c2 36. Rc5 Qd3 37. Kh2 Qd1 38. f3 c1=Q 39. Rxc1 Qxc1 40. Qh5
Ree7 41. h4 Qc2 42. hxg5 Qg6 43. Qg4 Qxg5 44. Qh3 Qg3+ 0-1

[Event "mgubl10"]
[Site "?"]
[Date "2017.11.25"]
[Round "14.1"]
[White "Metev, Martin"]
[Black "Babatov, Martin"]
[Result "1-0"]
[WhiteElo "1987"]
[BlackElo "1578"]
[PlyCount "59"]
[EventDate "2017.11.25"]
[EventType "tourn (blitz)"]
[EventRounds "16"]
[EventCountry "BUL"]

1. e4 c5 2. Nf3 Nc6 3. Bc4 e6 4. a3 Be7 5. c3 Nf6 6. e5 Ng4 7. d4 cxd4 8. cxd4
Qb6 9. O-O d5 10. exd6 Bxd6 11. h3 Nf6 12. b4 Bd7 13. Be3 Qc7 14. Nc3 O-O-O 15.
Nb5 Qb8 16. Rc1 a6 17. Nxd6+ Qxd6 18. Qd2 Ne4 19. Qd3 f5 20. Rc2 Kb8 21. b5 Na5
22. bxa6 Nxc4 23. Rxc4 Qxa6 24. a4 Bxa4 25. Ra1 b5 26. Rb4 Kc8 27. Ne5 Qd6 28.
Qc2+ Qc7 29. Nc6 Rd7 30. Na7+ 1-0

[Event "mgubl10"]
[Site "?"]
[Date "2017.11.25"]
[Round "14.2"]
[White "Iliev, Dimitar"]
[Black "Georgiev, Nikolay Zh."]
[Result "1-0"]
[WhiteElo "2145"]
[BlackElo "1588"]
[PlyCount "125"]
[EventDate "2017.11.25"]
[EventType "tourn (blitz)"]
[EventRounds "16"]
[EventCountry "BUL"]

1. e4 e5 2. Nc3 Nf6 3. Nf3 Nc6 4. d4 Bb4 5. d5 Ne7 6. Bd3 Ng6 7. O-O Bxc3 8.
bxc3 O-O 9. Bg5 h6 10. Bh4 d6 11. Qe2 Bg4 12. h3 Nxh4 13. hxg4 Nxf3+ 14. Qxf3
Qd7 15. Qf5 Qxf5 16. gxf5 Nd7 17. g4 Nc5 18. Kg2 g6 19. Rh1 Kg7 20. Rh3 gxf5
21. gxf5 Rh8 22. Rah1 f6 23. Rg3+ Kf7 24. Rg6 Rag8 25. Rxg8 Rxg8+ 26. Kf3 Rh8
27. Ke3 h5 28. Be2 h4 29. f3 b6 30. Bb5 a6 31. Bf1 a5 32. Bh3 Ke7 33. Bg4 Kf7
34. Kf2 Kg7 35. Kg2 Kh6 36. Kh3 Kg7 37. Rg1 Kf7 38. Kh2 Na4 39. c4 Nb2 40. f4
Nxc4 41. fxe5 Nxe5 42. Be2 Rg8 43. Bh5+ Kf8 44. Rb1 Rg3 45. Rb3 Rxb3 46. axb3
b5 47. Bd1 a4 48. bxa4 bxa4 49. c3 a3 50. Bb3 Ke7 51. Kh3 c5 52. Kxh4 Kd7 53.
Kh5 Kc7 54. Kh6 Kb6 55. Kg7 c4 56. Ba2 Nf3 57. Kxf6 Nd2 58. Ke7 Kc5 59. f6 Nxe4
60. f7 Nxc3 61. f8=Q Nxa2 62. Qf2+ Kb5 63. Qxa2 1-0

[Event "mgubl10"]
[Site "?"]
[Date "2017.11.25"]
[Round "14.3"]
[White "Ivanov, Daniel"]
[Black "Simeonov, Daniel"]
[Result "1-0"]
[WhiteElo "1758"]
[BlackElo "1522"]
[PlyCount "117"]
[EventDate "2017.11.25"]
[EventType "tourn (blitz)"]
[EventRounds "16"]
[EventCountry "BUL"]

1. e4 e6 2. d4 c5 3. c3 cxd4 4. cxd4 d6 5. Nf3 Nc6 6. Nc3 a6 7. Be2 h6 8. O-O
Be7 9. Be3 Nf6 10. Rc1 O-O 11. a3 Bd7 12. d5 Ne5 13. Nxe5 dxe5 14. d6 Bxd6 15.
Qxd6 Bc6 16. Qxd8 Raxd8 17. f3 Rd7 18. Rfd1 Rfd8 19. Rxd7 Rxd7 20. Rd1 Ne8 21.
Rxd7 Bxd7 22. Bc4 b5 23. Ba2 Nd6 24. b4 g5 25. Bc5 Ne8 26. Kf2 Kg7 27. Ke3 Nf6
28. g4 Bc6 29. h3 Nd7 30. Bb3 Kf6 31. a4 Nxc5 32. bxc5 b4 33. Ne2 Ke7 34. Ng3
f6 35. Kd3 a5 36. Kc4 Kf7 37. Bc2 Kg6 38. Kb3 Kf7 39. Bd3 Ke7 40. Bb5 Bb7 41.
Kc4 Ba8 42. c6 Kd6 43. Nh5 f5 44. gxf5 exf5 45. Ng3 Bxc6 46. Nxf5+ Kc7 47. Bxc6
Kxc6 48. Nxh6 Kd6 49. Nf7+ Ke6 50. Nxg5+ Kf6 51. h4 Kg6 52. Ne6 Kf6 53. Nc5 Kg6
54. Nb7 Kh5 55. Nxa5 Kxh4 56. Nc6 b3 57. Kxb3 Kg3 58. Nxe5 Kf4 59. Kc4 1-0

[Event "mgubl10"]
[Site "?"]
[Date "2017.11.25"]
[Round "15.1"]
[White "Dimova, Mariya"]
[Black "Ivanov, Daniel"]
[Result "0-1"]
[WhiteElo "1434"]
[BlackElo "1758"]
[PlyCount "58"]
[EventDate "2017.11.25"]
[EventType "tourn (blitz)"]
[EventRounds "16"]
[EventCountry "BUL"]

1. f4 c5 2. Nf3 Nc6 3. g3 f5 4. Bg2 Nf6 5. O-O g6 6. d3 e6 7. Nc3 Bg7 8. e4
fxe4 9. dxe4 d5 10. e5 Nd7 11. Qd3 O-O 12. Ng5 Nb6 13. Bd2 Nb4 14. Qb5 Nxc2 15.
Rac1 Nd4 16. Qxc5 Nf5 17. a4 Bd7 18. a5 Nc4 19. Rfd1 Nxb2 20. Nxd5 Nd3 21. Qc4
Nxc1 22. Rxc1 Rc8 23. Qb4 Rxc1+ 24. Bxc1 Bc6 25. Nxe6 Qc8 26. Nxf8 Bxf8 27.
Nf6+ Kg7 28. Qc4 Be7 29. g4 Nh4 0-1

[Event "mgubl10"]
[Site "?"]
[Date "2017.11.25"]
[Round "15.2"]
[White "Simeonov, Daniel"]
[Black "Iliev, Dimitar"]
[Result "1/2-1/2"]
[WhiteElo "1522"]
[BlackElo "2145"]
[PlyCount "99"]
[EventDate "2017.11.25"]
[EventType "tourn (blitz)"]
[EventRounds "16"]
[EventCountry "BUL"]

1. e4 c6 2. Nf3 d6 3. d4 Qc7 4. c4 e5 5. dxe5 dxe5 6. Nc3 Bg4 7. Be2 Nf6 8. h3
Bxf3 9. Bxf3 Be7 10. O-O O-O 11. b3 Rd8 12. Qe2 Na6 13. a3 Nc5 14. b4 Ne6 15.
Be3 Nd4 16. Bxd4 exd4 17. Na2 d3 18. Qd2 a5 19. Rfd1 axb4 20. Nxb4 Bxb4 21.
Qxb4 c5 22. Qc3 Qd7 23. e5 Ne8 24. Be4 d2 25. Ra2 Qd4 26. Qxd2 Qxe4 27. Qxd8
Rxd8 28. Rxd8 Qxe5 29. Kf1 Qe7 30. Rb8 Qd7 31. Re2 Kf8 32. Rexe8+ Qxe8 33.
Rxe8+ Kxe8 34. Ke2 Kd7 35. Kd3 Kc6 36. f4 f5 37. g4 g6 38. g5 Kb6 39. Kc3 Ka5
40. Kb3 b6 41. a4 Ka6 42. Ka3 Kb7 43. Kb3 Kc6 44. Kc3 Kd6 45. Kd3 Ke6 46. Ke3
Kf7 47. Kf3 Kg7 48. Ke3 h6 49. h4 hxg5 50. hxg5 1/2-1/2

[Event "mgubl10"]
[Site "?"]
[Date "2017.11.25"]
[Round "15.3"]
[White "Georgiev, Nikolay Zh."]
[Black "Metev, Martin"]
[Result "0-1"]
[WhiteElo "1588"]
[BlackElo "1987"]
[PlyCount "58"]
[EventDate "2017.11.25"]
[EventType "tourn (blitz)"]
[EventRounds "16"]
[EventCountry "BUL"]

1. e4 e6 2. Nc3 d5 3. Nf3 d4 4. Ne2 c5 5. Ng3 Nc6 6. Bb5 Bd7 7. Bxc6 Bxc6 8. d3
Bd6 9. O-O e5 10. Bg5 Ne7 11. Nf5 f6 12. Nxe7 Qxe7 13. Bd2 O-O-O 14. Nh4 Bd7
15. f4 exf4 16. Bxf4 Bxf4 17. Nf5 Bxf5 18. Rxf4 Be6 19. a4 a5 20. c3 dxc3 21.
bxc3 Qd6 22. Qc1 Qxd3 23. Qb2 Qe3+ 24. Rf2 Rd7 25. Qb5 Rhd8 26. g3 Rd1+ 27.
Rxd1 Rxd1+ 28. Kg2 Qxe4+ 29. Rf3 Rd2+ 0-1

[Event "mgubl10"]
[Site "?"]
[Date "2017.11.25"]
[Round "15.4"]
[White "Babatov, Martin"]
[Black "Mladenov, Andrey"]
[Result "0-1"]
[WhiteElo "1578"]
[BlackElo "1595"]
[PlyCount "75"]
[EventDate "2017.11.25"]
[EventType "tourn (blitz)"]
[EventRounds "16"]
[EventCountry "BUL"]

1. c4 c5 2. f4 g6 3. Nf3 d6 4. e3 Bg7 5. Nc3 Nf6 6. Be2 O-O 7. O-O e6 8. b3 Nc6
9. Bb2 a6 10. a3 d5 11. cxd5 exd5 12. Qc2 Bf5 13. Bd3 Bxd3 14. Qxd3 d4 15. exd4
Nxd4 16. Nxd4 cxd4 17. Ne4 Nxe4 18. Qxe4 d3 19. Bxg7 Kxg7 20. Rf3 Qb6+ 21. Kh1
Qxb3 22. Rxd3 Qc2 23. Qd4+ Kg8 24. Rc3 Qb2 25. Rac1 Rad8 26. Qf6 Rxd2 27. Qg5
Rdd8 28. f5 Rd1+ 29. Rxd1 Qxc3 30. fxg6 hxg6 31. h4 Qb3 32. Rf1 Qb5 33. Qf6 Qc6
34. Qg5 Kg7 35. h5 Qc4 36. h6+ Kh7 37. Qf6 Rg8 38. Qxf7+ 0-1

[Event "mgubl10"]
[Site "?"]
[Date "2017.11.25"]
[Round "16.1"]
[White "Mladenov, Andrey"]
[Black "Georgiev, Nikolay Zh."]
[Result "0-1"]
[WhiteElo "1595"]
[BlackElo "1588"]
[PlyCount "63"]
[EventDate "2017.11.25"]
[EventType "tourn (blitz)"]
[EventRounds "16"]
[EventCountry "BUL"]

1. f4 c5 2. Nf3 Nc6 3. g3 f5 4. Bg2 Nf6 5. O-O g6 6. d3 e6 7. Nc3 Bg7 8. e4
fxe4 9. dxe4 d5 10. e5 Nd7 11. Qd3 O-O 12. Ng5 Nb6 13. Bd2 Nb4 14. Qb5 Nxc2 15.
Rac1 Nd4 16. Qxc5 Nf5 17. a4 Bd7 18. a5 Nc4 19. Rfd1 Nxb2 20. Nxd5 Nd3 21. Qc4
Nxc1 22. Rxc1 Rc8 23. Qb4 Rxc1+ 24. Bxc1 Bc6 25. Nxe6 Qc8 26. Nxf8 Bxf8 27.
Nf6+ Kg7 28. Qc4 Be7 29. g4 Nh4 30. Bb2 Nxg2 31. f5 Ne3 32. Qe6 0-1

[Event "mgubl10"]
[Site "?"]
[Date "2017.11.25"]
[Round "16.2"]
[White "Metev, Martin"]
[Black "Simeonov, Daniel"]
[Result "1-0"]
[WhiteElo "1987"]
[BlackElo "1522"]
[PlyCount "41"]
[EventDate "2017.11.25"]
[EventType "tourn (blitz)"]
[EventRounds "16"]
[EventCountry "BUL"]

1. e4 e6 2. d4 c5 3. Nf3 cxd4 4. Nxd4 Nc6 5. Nc3 Nxd4 6. Qxd4 a6 7. Be3 Nf6 8.
O-O-O d6 9. f3 Be7 10. g4 Bd7 11. h4 b5 12. a3 Qc7 13. h5 e5 14. Qd2 b4 15.
axb4 Rb8 16. g5 Ng8 17. Nd5 Qb7 18. Nxe7 Nxe7 19. Qxd6 Qxb4 20. Qxd7+ Kf8 21.
Qd8+ 1-0

[Event "mgubl10"]
[Site "?"]
[Date "2017.11.25"]
[Round "16.3"]
[White "Iliev, Dimitar"]
[Black "Dimova, Mariya"]
[Result "1-0"]
[WhiteElo "2145"]
[BlackElo "1434"]
[PlyCount "69"]
[EventDate "2017.11.25"]
[EventType "tourn (blitz)"]
[EventRounds "16"]
[EventCountry "BUL"]

1. e4 e5 2. Nc3 Nc6 3. Nf3 Nf6 4. d4 Bb4 5. Nxe5 Bxc3+ 6. bxc3 Nxe4 7. Qg4 d5
8. Qxg7 Rf8 9. Bh6 Qe7 10. Qxf8+ Qxf8 11. Bxf8 Kxf8 12. Nxc6 bxc6 13. c4 Bf5
14. cxd5 cxd5 15. Bd3 Re8 16. O-O Nd2 17. Bxf5 Nxf1 18. Rxf1 Re2 19. Rb1 Kg7
20. g4 Kf6 21. Rb7 h5 22. h3 hxg4 23. hxg4 Re7 24. Rxa7 Kg5 25. Kg2 Kf4 26. a4
Re2 27. Rxc7 Rd2 28. Rxf7 Rxd4 29. a5 Rc4 30. Bd3+ Kxg4 31. Bxc4 dxc4 32. a6
Kg5 33. a7 Kg6 34. Rf4 Kg5 35. Rxc4 1-0

[Event "mgubl10"]
[Site "?"]
[Date "2017.11.25"]
[Round "17.2"]
[White "Dimova, Mariya"]
[Black "Metev, Martin"]
[Result "0-1"]
[WhiteElo "1434"]
[BlackElo "1987"]
[PlyCount "54"]
[EventDate "2017.11.25"]
[EventType "tourn (blitz)"]
[EventRounds "16"]
[EventCountry "BUL"]

1. e4 e6 2. d4 d5 3. e5 c5 4. Nf3 Nc6 5. Be3 Qb6 6. b3 cxd4 7. Nxd4 Qc7 8. f4
f6 9. exf6 Nxf6 10. Bb5 Bd7 11. Bxc6 bxc6 12. Nc3 a6 13. O-O c5 14. Nf3 d4 15.
Nxd4 cxd4 16. Bxd4 Bc5 17. Ne2 Bxd4+ 18. Qxd4 Rc8 19. Qd3 O-O 20. Rac1 Rfd8 21.
Qg3 Bb5 22. c4 Bc6 23. h4 Rd2 24. Rce1 Rcd8 25. Qg4 Nxg4 26. Ng3 Rxg2+ 27. Kh1
Rxg3+ 0-1

[Event "mgubl10"]
[Site "?"]
[Date "2017.11.25"]
[Round "17.4"]
[White "Georgiev, Nikolay Zh."]
[Black "Babatov, Martin"]
[Result "0-1"]
[WhiteElo "1588"]
[BlackElo "1578"]
[PlyCount "66"]
[EventDate "2017.11.25"]
[EventType "tourn (blitz)"]
[EventRounds "16"]
[EventCountry "BUL"]

1. e4 c6 2. Nc3 d5 3. Qf3 dxe4 4. Nxe4 Nd7 5. d4 Ngf6 6. Bd3 Nxe4 7. Bxe4 Nf6
8. c3 Nxe4 9. Qxe4 Qd5 10. f3 Bf5 11. Qxd5 cxd5 12. g4 Bg6 13. f4 h5 14. f5 Bh7
15. h3 g6 16. fxg6 Bxg6 17. g5 e6 18. Nf3 Bd6 19. Ne5 Bf5 20. Bf4 Rg8 21. O-O-O
Bxe5 22. dxe5 O-O-O 23. h4 Kd7 24. Rd4 Rc8 25. Ra4 a6 26. Be3 Rc6 27. Bd4 Rgc8
28. Rf1 b5 29. Ra5 b4 30. Kd2 bxc3+ 31. Bxc3 d4 32. Bxd4 Rc2+ 33. Ke3 R8c4 0-1

[Event "mgubl10"]
[Site "?"]
[Date "2017.11.25"]
[Round "18.1"]
[White "Babatov, Martin"]
[Black "Simeonov, Daniel"]
[Result "1-0"]
[WhiteElo "1578"]
[BlackElo "1522"]
[PlyCount "89"]
[EventDate "2017.11.25"]
[EventType "tourn (blitz)"]
[EventRounds "16"]
[EventCountry "BUL"]

1. f4 d5 2. Nf3 g6 3. e3 Bg7 4. c4 c6 5. Nc3 d4 6. Nxd4 Bxd4 7. exd4 Qxd4 8.
Qf3 h5 9. Qe4 Qxe4+ 10. Nxe4 Bf5 11. Ng3 Bd7 12. d4 Nf6 13. Bd3 O-O 14. O-O Na6
15. a3 Nc7 16. f5 Kg7 17. fxg6 fxg6 18. Bd2 Rae8 19. Bc3 Kh6 20. h3 Ne6 21. Rf2
Ng7 22. Raf1 h4 23. Ne4 Nf5 24. Nxf6 exf6 25. Bxf5 gxf5 26. d5 Kg6 27. d6 Re3
28. c5 b6 29. Bd4 Re4 30. Rf4 Rfe8 31. cxb6 axb6 32. Bxb6 Re2 33. b4 Ra2 34.
R4f3 Ree2 35. R1f2 Ra1+ 36. Kh2 Rxf2 37. Rxf2 Rxa3 38. Re2 Rb3 39. Re7 Rxb4 40.
Rxd7 Rxb6 41. Rc7 Ra6 42. d7 Ra8 43. Rc8 Rxc8 44. dxc8=Q f4 45. Qg4+ 1-0

[Event "mgubl10"]
[Site "?"]
[Date "2017.11.25"]
[Round "18.4"]
[White "Iliev, Dimitar"]
[Black "Ivanov, Daniel"]
[Result "0-1"]
[WhiteElo "2145"]
[BlackElo "1758"]
[PlyCount "88"]
[EventDate "2017.11.25"]
[EventType "tourn (blitz)"]
[EventRounds "16"]
[EventCountry "BUL"]

1. e4 e6 2. d4 d5 3. Nc3 Bb4 4. e5 c5 5. a3 cxd4 6. axb4 dxc3 7. bxc3 Qc7 8.
Qd4 Bd7 9. Nf3 Nc6 10. Qd2 Nge7 11. b5 Nxe5 12. Nxe5 Qxe5+ 13. Be2 Bxb5 14. Rb1
Qxe2+ 15. Qxe2 Bxe2 16. Kxe2 b6 17. Ba3 Kd7 18. Bxe7 Kxe7 19. Kd3 Kd6 20. Ra1
e5 21. Rhb1 e4+ 22. Kd4 Kc6 23. Rb4 f6 24. Rab1 Kd6 25. Rb5 Ke6 26. Rxd5 Rhd8
27. Rxd8 Rxd8+ 28. Kxe4 Rd2 29. Ra1 a5 30. Rb1 Re2+ 31. Kf3 Rxc2 32. Rxb6+ Kf7
33. Rb5 Rxc3+ 34. Kf4 a4 35. Ra5 Ra3 36. f3 Ra1 37. h4 h5 38. g4 hxg4 39. fxg4
a3 40. g5 a2 41. Ra7+ Kg6 42. Kg4 Rg1+ 43. Kf4 a1=Q 44. gxf6 Qxf6+ 0-1